Solid State Electronic Devices / (Record no. 1137)

000 -LEADER
fixed length control field 00769nam a2200265 a 4500
008 - FIXED-LENGTH DATA ELEMENTS--GENERAL INFORMATION
fixed length control field 191129s2009 ii a|||g |||| 000 0 eng d
020 ## - INTERNATIONAL STANDARD BOOK NUMBER
International Standard Book Number 9788120330207
Terms of availability Rs. 295.00
040 ## - CATALOGING SOURCE
Original cataloging agency IMU Kochi Library
Language of cataloging eng
041 0# - LANGUAGE CODE
Language code of text/sound track or separate title eng
044 ## - COUNTRY OF PUBLISHING/PRODUCING ENTITY CODE
MARC country code India
082 04 - DEWEY DECIMAL CLASSIFICATION NUMBER
Edition number 23
Classification number 621.38152
Item number St835
100 1# - MAIN ENTRY--PERSONAL NAME
Personal name Streetman, Ben G.
245 10 - TITLE STATEMENT
Title Solid State Electronic Devices /
250 ## - EDITION STATEMENT
Edition statement 6th ed.
260 ## - PUBLICATION, DISTRIBUTION, ETC. (IMPRINT)
Place of publication, distribution, etc New Delhi :
Name of publisher, distributor, etc PHI Learning Pvt. Ltd.,
Date of publication, distribution, etc 2009
300 ## - PHYSICAL DESCRIPTION
Extent xviii, 581 p. :
Other physical details ill. ;
Dimensions 24 cm.
650 #0 - SUBJECT ADDED ENTRY--TOPICAL TERM
Topical term or geographic name as entry element Solid state electronics
Form subdivision Textbooks
650 #0 - SUBJECT ADDED ENTRY--TOPICAL TERM
Topical term or geographic name as entry element Electronics
Form subdivision Textbooks
650 #0 - SUBJECT ADDED ENTRY--TOPICAL TERM
Topical term or geographic name as entry element Semiconductors
Form subdivision Textbooks
700 1# - ADDED ENTRY--PERSONAL NAME
Personal name Banerjee, Sanjay Kumar
Relator term Joint Author
852 ## - LOCATION/CALL NUMBER
Location IMU Kochi Library
904 ## - LOCAL DATA ELEMENT D, LDD (RLIN)
CATALOGER Rudra Ranjan
905 ## - LOCAL DATA ELEMENT E, LDE (RLIN)
VERIFIER Rudra Ranjan
942 ## - ADDED ENTRY ELEMENTS (KOHA)
Item type Books
Holdings
Withdrawn status Lost status Source of classification or shelving scheme Damaged status Not for loan Collection code Permanent location Current location Shelving location Date acquired Source of acquisition Cost, normal purchase price Full call number Barcode Date last seen Koha item type Public note
          Engineering IMU Kochi Library IMU Kochi Library General Stacks 2010-09-16 M/S Kamath Book House (Inv. No. 57 Dt. 2010-09-16) 295.00 621.38152 St835 BK000078 2019-11-29 Books Gen. Shelf-12, Row-4
          Engineering IMU Kochi Library IMU Kochi Library General Stacks 2010-09-16 M/S Kamath Book House (Inv. No. 57 Dt. 2010-09-16) 295.00 621.38152 St835 BK000079 2019-11-29 Books Gen. Shelf-12, Row-4
          Engineering IMU Kochi Library IMU Kochi Library General Stacks 2010-09-16 M/S Kamath Book House (Inv. No. 57 Dt. 2010-09-16) 295.00 621.38152 St835 BK000080 2019-11-29 Books Gen. Shelf-12, Row-4
          Engineering IMU Kochi Library IMU Kochi Library General Stacks 2010-09-16 M/S Kamath Book House (Inv. No. 57 Dt. 2010-09-16) 295.00 621.38152 St835 BK000081 2019-11-29 Books Gen. Shelf-12, Row-4
          Engineering IMU Kochi Library IMU Kochi Library General Stacks 2010-09-16 M/S Kamath Book House (Inv. No. 57 Dt. 2010-09-16) 295.00 621.38152 St835 BK000082 2019-11-29 Books Gen. Shelf-12, Row-4


Copyright © All Rights Reserved by Indian Maritime University, Kochi Campus.
For any Suggestions/Query Contact to library or Email: library.kochi@imu.ac.in Ph:(0484)-2989402
(Web OPAC Designed by Rudra Ranjan. Maintained by IMU Kochi Library)

Powered by Koha